000 00620nam a2200193 i 4500
001 41646
003 ES-MaACL
005 20250828112301.0
007 t|
008 030311s1947 sp ||||1| spa d
100 1 _aCastellano, Sergio.
_936509
245 1 4 _aLos estudios árabes en España /
_cSergio Castellano.
260 _aMadrid :
_b[s.n.,
_c1947] (
_fImp. Samarán)
300 _a12 p. ;
_c24 cm.
490 1 _aPublicaciones de la Revista Nacional de Educación
830 0 0 _aPublicaciones de la Revista nacional de educación
_9229796
852 _aES-MaACL
_j1860-F-10
_bR.23138
999 _c41646
_d41646